000 00252nam a22001097a 4500
082 _a621.833 GEA'C
100 _aCHIRONIS, N. P
_979144
245 _aGEAR DESIGN AND APPLICATION
260 _aNEWYORK
_bMCGRAW HILL
_c1967
300 _a375P
942 _cBK
999 _c584208
_d584208